00717cam a22002411 4500001001300000003000400013005001700017008004100034010001700075035002000092040001900112042001200131050002400143060002500167100003100192245005100223260004400274300002600318440005100344500002300395504004200418999001500460agr38000101 DLC20260227110956.0811121s1937 xx a 000 0 ger  aagr38000101  a(OCoLC)14729883 aDLCcDNLMdDLC apremarc00aQH431b.H25 bd. 2 H0 aQH 431bH236 Bd.2, H1 aCorrens, Carl,d1864-1933.10aNicht mendelnde vererbung,cvon C. Correns ... aBerlin,bGebrüder Borntraeger,c1937. a2 p. l., 159 p.bill. 0aHandbuch der vererbungswissenschaft,vBd. 2, H aIssued as lfg. 22. a"Literaturverzeichnis": p. [133]-159. c9840d9840